Introducción al estudio del movimiento obrero caribeño : 1831-1939 /

Trabajo cuyo objetivo es indagar en el origen del movimiento obrero organizado y el proceso descolonizador en El Caribe, sobre todo en las posesiones francesas e inglesas, desde fines del siglo XVIII hasta nuestros días.

Guardado en:
Detalles Bibliográficos
Autor principal: Castañeda Fuertes, Digna (autor)
Formato: Libro
Idioma:Español
Publicado: Guadalajara, México : Universidad de Guadalajara, 1991, c1991
Colección:(Estudios Latinoamericanos ; 4)
Temas:
Etiquetas: Agrega una etiqueta
Sin etiquetas, Sé el primero en etiquetar este registro!

MARC

LEADER 00000nam^a2200000^a^4500
001 000092670
005 20250521000000.0
009 20260310092731.574
020 |a 968-895-253-2 
037 |a Acervo ITESO - Biblioteca 
041 |a ESP 
082 |a 322. 2  |b CAS 
100 |a Castañeda Fuertes, Digna  |e (autor) 
245 1 0 |a Introducción al estudio del movimiento obrero caribeño :  |b 1831-1939 /  |c D. Castañeda Fuertes. 
264 4 |a Guadalajara, México :  |b Universidad de Guadalajara,  |c 1991, c1991 
300 |a 204 p. 
336 |a texto  |b txt  |2 rdacontenido 
337 |a sin mediación  |b n  |2 rdamedio 
338 |a volumen  |b nc  |2 rdasoporte 
440 1 |a (Estudios Latinoamericanos ;  |v 4) 
520 |a Trabajo cuyo objetivo es indagar en el origen del movimiento obrero organizado y el proceso descolonizador en El Caribe, sobre todo en las posesiones francesas e inglesas, desde fines del siglo XVIII hasta nuestros días. 
649 |a XX 
650 |a Sindicalismo -  |z Caribe, El 
650 |a Movimientos Obreros -  |z Caribe, El 
650 |a Movimientos Sociales -  |z Caribe, El 
650 |a Relaciones Empleado-Empleador -  |z Caribe, El 
650 |a Caribe, El -  |x Condiciones Laborales 
650 |a Política -  |z Caribe, El -  |x Historia 
650 |a Economía Laboral -  |z Caribe, El -  |x Historia 
910 |a Fondo General 
920 |a Impresos - Libros 
930 |a Colección General 
905 |a 101 
901 |a 0500022271  |b IT1  |c ACC  |u 20250521 
902 |a https://opac.biblio.iteso.mx/vufind/Record/000092670